Carry On : Sound advice from schneier on security
Carry On: Sound Advice from Schneier on Security is packed with information and ideas that are of interest to anyone living in today's insecure world.
Gorde:
| Egile nagusia: | |
|---|---|
| Formatua: | Liburua |
| Hizkuntza: | Undetermined |
| Argitaratua: |
Indiana
John Wiley & Sons
2014
|
| Gaiak: | |
| Etiketak: |
Etiketa erantsi
Etiketarik gabe, Izan zaitez lehena erregistro honi etiketa jartzen!
|
| Thư viện lưu trữ: | Trung tâm Học liệu Trường Đại học Cần Thơ |
|---|
| LEADER | 00734nam a2200217Ia 4500 | ||
|---|---|---|---|
| 001 | CTU_217183 | ||
| 008 | 210402s9999 xx 000 0 und d | ||
| 020 | |c 29.99 | ||
| 082 | |a 363.28 | ||
| 082 | |b S358 | ||
| 100 | |a Schneier , Bruce | ||
| 245 | 0 | |a Carry On : | |
| 245 | 0 | |b Sound advice from schneier on security | |
| 245 | 0 | |c Bruce Schneier | |
| 260 | |a Indiana | ||
| 260 | |b John Wiley & Sons | ||
| 260 | |c 2014 | ||
| 520 | |a Carry On: Sound Advice from Schneier on Security is packed with information and ideas that are of interest to anyone living in today's insecure world. | ||
| 650 | |a Security systems,Hệ thống an ninh | ||
| 904 | |i Vân, Tuyến | ||
| 980 | |a Trung tâm Học liệu Trường Đại học Cần Thơ | ||